| 000 | 00457nam a2200145Ia 4500 | ||
|---|---|---|---|
| 008 | 230917s9999||||xx |||||||||||||| ||und|| | ||
| 040 |
_e182616 _aMAIN |
||
| 041 | _aEnglish | ||
| 082 | _a891.43301731 SK23R | ||
| 100 | _aशर्मा, क्षमा | ||
| 245 | 0 | _aरास्ता छोडो़ डार्लिंग | |
| 260 |
_aनई दिल्ली _bवाणी प्रकाशन _c2008 |
||
| 300 | _a272 पृ. p. | ||
| 942 | _cHN | ||
| 999 |
_c155088 _d155088 |
||